Agricultural research in an era of adjustment : (Record no. 10354)

MARC details
000 -LEADER
fixed length control field 01231nam a2200325 4500
001 - CONTROL NUMBER
control field 669949
005 - DATE AND TIME OF LATEST TRANSACTION
control field 20150617151105.0
007 - PHYSICAL DESCRIPTION FIXED FIELD--GENERAL INFORMATION
fixed length control field 000
008 - FIXED-LENGTH DATA ELEMENTS--GENERAL INFORMATION
fixed length control field 000
010 ## - LIBRARY OF CONGRESS CONTROL NUMBER
LC control number 95005538
020 ## - INTERNATIONAL STANDARD BOOK NUMBER
International Standard Book Number 0821331973
040 ## - CATALOGING SOURCE
Original cataloging agency UOEL
Transcribing agency DLC
Modifying agency DLC
043 ## - GEOGRAPHIC AREA CODE
Geographic area code d------
050 00 - LIBRARY OF CONGRESS CALL NUMBER
Classification number HD1417
Item number .A4 1995
082 00 - DEWEY DECIMAL CLASSIFICATION NUMBER
Classification number 338.1/8/091724
Edition number 20
245 00 - TITLE STATEMENT
Title Agricultural research in an era of adjustment :
Remainder of title policies, institutions, and progress /
Statement of responsibility, etc edited by Steven R. Tabor.
260 ## - PUBLICATION, DISTRIBUTION, ETC. (IMPRINT)
Place of publication, distribution, etc Washington, D.C. :
Name of publisher, distributor, etc World Bank,
Date of publication, distribution, etc 1995.
300 ## - PHYSICAL DESCRIPTION
Extent xiii, 201 p. :
Other physical details ill. ;
Dimensions 28 cm.
440 #0 - SERIES STATEMENT/ADDED ENTRY--TITLE
Title EDI seminar series
504 ## - BIBLIOGRAPHY, ETC. NOTE
Bibliography, etc Includes bibliographical references.
650 #0 - SUBJECT ADDED ENTRY--TOPICAL TERM
Topical term or geographic name as entry element Agriculture and state
Geographic subdivision Developing countries.
General subdivision Economic history and conditions (National production)
Topical term or geographic name as entry element Agriculture
General subdivision Economic aspects
Geographic subdivision Developing countries.
Topical term or geographic name as entry element Structural adjustment (Economic policy)
Geographic subdivision Developing countries.
Topical term or geographic name as entry element Agriculture
General subdivision Research
Geographic subdivision Developing countries.
Topical term or geographic name as entry element Agriculture
General subdivision Research
-- Government policy
Geographic subdivision Developing countries.
700 1# - ADDED ENTRY--PERSONAL NAME
Personal name Tabor, Steven R.
906 ## - LOCAL DATA ELEMENT F, LDF (RLIN)
a 7
b cbc
c orignew
d 1
e ocip
f 19
g y-gencatlg
942 ## - ADDED ENTRY ELEMENTS (KOHA)
Source of classification or shelving scheme Library of Congress Classification
Item type Loan - Normal on open shelf
Holdings
Withdrawn status Lost status Source of classification or shelving scheme Damaged status Not for loan Home library Current library Shelving location Date acquired Total Checkouts Full call number Barcode Date last seen Copy number Price effective from Koha item type
    Library of Congress Classification     UOE Main Library UOE Main Library Open shelf 17/06/2015   HD1417 .A4 1995 20003176 27/04/2026 20003176 17/06/2015 Loan - Normal on open shelf